=LDR 00000nam 2200000 4500 =001 INLIS000000000050999 =005 20170808011532 =035 ##$$a 0010-0817000182 =007 ta =008 170808###########################0###### =020 ##$$a 979-523-608-3 =082 ##$$a 823 =084 ##$$a 823 MAR t =100 #$$a Margaret Tarner =245 1#$$a The Return Of Native /$c Margaret Tarner =250 ##$$a cet.2 =260 ##$$a Jakarta :$b Dian Rakyat,$c 2011 =300 ##$$a 96 hlm : $b ilus. ; $c 21 cm =650 ##$$a Fiksi Inggris =990 ##$$a 91279127 =990 ##$$a 31701641